Ketua semut yang pengasih

Bibliographic Details
Main Author: Wan Mohd Azmin Wan Dolah
Format: Book
Published: Kuala Lumpur : Karya One , 1996
Series:Bintang syurga
Subjects:

MARC

LEADER 00000cam a2200000 7i4500
001 0000008093
002 000008831
005 20000330.0
020 |a 9839255223 
090 0 0 |a 297   |b WAN 
100 0 |a Wan Mohd Azmin Wan Dolah 
245 1 0 |a Ketua semut yang pengasih   |c Wan Mohd Azmin Wan Dolah 
260 |a Kuala Lumpur :   |b Karya One ,   |c 1996 
300 |a 24p. :   |b ill. ;   |c 27cm. 
490 0 |a Bintang syurga 
650 0 0 |a Children's stories 
999 |a 047319   |b BUKU   |c PINJAMAN   |e PERPUSTAKAAN KOMUNITI CAW KOTA DAMANSARA 
999 |a 047320   |b BUKU   |c PINJAMAN   |e PERPUSTAKAAN KOMUNITI CAW KOTA DAMANSARA 
999 |a 048605   |b BUKU   |c PINJAMAN   |e PERPUSTAKAAN KOMUNITI PETALING JAYA